Open Data Biblioteca Nacional de Portugal


República Portuguesa: Ministério da Cultura
Biblioteca Nacional de Portugal

Catálogo da BNP: acesso por Identificadores Unívocos
Registos Bibliográficos associados ao registo de autoridade

Etiqueta de registo: 00000nkm 2200025 450
001 2266544
003 http://id.bnportugal.gov.pt/bib/catbnp/2266544
100 ## $a20260213d1992 m y0pory01030103ba
101 0# $apor
102 ## $aPT
200 1# $aIV Concurso europeu para jovens cientistas 1992, Fundação da Juventude$bVisual gráfico]$fFundação da Juventude$gdesign Rui Guimarães
210 #9 $a[Porto]$cFundação da Juventude,$d1992$e[Maia] :$gA. Moreira & Filhos)
215 ## $a1 cartaz$ccolor.$d68x48,1 cm
317 ## $aColeção Madeira Luís
675 ## $a766(=1:469)"1992"(084.5)$vBN$zpor$31980773
702 #1 $aGuimarães,$bRui,$f1963-$3285543
710 01 $aConcurso Europeu para Jovens Cientistas,$d4,$f1992$31993716
712 02 $aFundação da Juventude$3189243
801 #0 $aPT$bBN$gRPC
966 ## $lBN$mICONOG$sCT. 20968 A.$x3
971 ## $cCaticonografia6$d20260213
995 ## $aPRR2026 $d20260213$iCaticonografia6

OpendataBNP@bnportugal.pt | Mais informação sobre acesso aos dados BNP